Calda estate (Lp Rb3) (Record n. 99839)
[ formato base ]
| 000 -LEADER | |
|---|---|
| fixed length control field | 03400njm a2200481Ia 4500 |
| 001 - CONTROL NUMBER | |
| control field | 23816 |
| 003 - CONTROL NUMBER IDENTIFIER | |
| control field | IT-RoPAU |
| 005 - DATE AND TIME OF LATEST TRANSACTION | |
| control field | 20220918181121.0 |
| 008 - FIXED-LENGTH DATA ELEMENTS--GENERAL INFORMATION | |
| fixed length control field | 131025s9999 xx 000 0 und d |
| 040 ## - CATALOGING SOURCE | |
| Original cataloging agency | IT-RoPAU |
| 040 ## - CATALOGING SOURCE | |
| Transcribing agency | IT-RoPAU |
| 041 ## - LANGUAGE CODE | |
| Language code of text/sound track or separate title | ITALIANO |
| 999 ## - SYSTEM CONTROL NUMBERS (KOHA) | |
| Koha Dewey Subclass [OBSOLETE] | n.d. |
| 100 ## - MAIN ENTRY--PERSONAL NAME | |
| Personal name | AA.VV. |
| 9 (RLIN) | 794 |
| 100 ## - MAIN ENTRY--PERSONAL NAME | |
| Relator term | Autore musica |
| 9 (RLIN) | 6205 |
| 100 ## - MAIN ENTRY--PERSONAL NAME | |
| Miscellaneous information | Codice autore musica SPICS: 12000 |
| 9 (RLIN) | 796 |
| 245 ## - TITLE STATEMENT | |
| Title | Calda estate (Lp Rb3) |
| 250 ## - EDITION STATEMENT | |
| Edition statement | 1a ed. |
| 260 ## - PUBLICATION, DISTRIBUTION, ETC. (IMPRINT) | |
| Place of publication, distribution, etc. | MILANO |
| 260 ## - PUBLICATION, DISTRIBUTION, ETC. (IMPRINT) | |
| Name of publisher, distributor, etc. | CBS - SUGAR |
| Date of publication, distribution, etc. | 1976 [1a Ed.:1976] |
| 300 ## - PHYSICAL DESCRIPTION | |
| Extent | DISCO |
| 500 ## - GENERAL NOTE | |
| General note | Una raccolta dei più significativi successi emersi dalla competizione canora "Un disco per l'estate" del 1976 interpretati dagli stessi artisti che vi parteciparono; musiche e canzoni che hanno accompagnato e caratterizzato momenti lieti delle nostre vacanze estive. Canzone italiana. Amore, estate, vita, pietà, desideri |
| 505 ## - FORMATTED CONTENTS NOTE | |
| Formatted contents note | Luglio (Del Turco Riccardo) - Lady Barbara (Renato) - Lisa dagli occhi blu (Tessuto Mario) - Il volto della vita (Caselli Caterina) - Io per lei (I Camaleonti) - Perché ti amo (I Camaleonti) - Quanto è bella lei (Nazzaro Gianni) - Il primo sogno proibito (Nazzaro Gianni) - Pietà per chi ti ama (Ranieri Massimo) - Rose rosse (Ranieri Massimo) - Azzurro (Celentano Adriano) - La rosa nera (Cinquetti Gigliola) |
| 650 ## - SUBJECT ADDED ENTRY--TOPICAL TERM | |
| Topical term or geographic name as entry element | CANZONE ITALIAN [DISCHI] |
| Relator term | Codice MATERIA SPICS: 9950 |
| 9 (RLIN) | 6206 |
| 700 ## - ADDED ENTRY--PERSONAL NAME | |
| Personal name | Bigazzi Giancarlo |
| Dates associated with a name | Codice autore musica SPICS: 13839 |
| Relator term | Autore musica |
| Name of part/section of a work | Luglio - Lady Barbara - Lisa dagli occhi blu - Perché ti amo - Rose rosse |
| 9 (RLIN) | 6207 |
| 700 ## - ADDED ENTRY--PERSONAL NAME | |
| Personal name | Del Turco Riccardo |
| Dates associated with a name | Codice autore testo/musica SPICS: 10861 |
| Relator term | Autore testo/musica |
| Name of part/section of a work | Luglio |
| 9 (RLIN) | 6208 |
| 700 ## - ADDED ENTRY--PERSONAL NAME | |
| Personal name | Savio G. |
| Dates associated with a name | Codice autore testo/musica SPICS: 14082 |
| Relator term | Autore testo/musica |
| Name of part/section of a work | Lady Barbara - Lisa dagli occhi blu - Perché ti amo |
| 9 (RLIN) | 6209 |
| 700 ## - ADDED ENTRY--PERSONAL NAME | |
| Personal name | McWilliams |
| Dates associated with a name | Codice autore musica SPICS: 25261 |
| Relator term | Autore musica |
| Name of part/section of a work | Il volto della vita |
| 9 (RLIN) | 6210 |
| 700 ## - ADDED ENTRY--PERSONAL NAME | |
| Personal name | Daiano Fontana Claudio |
| Dates associated with a name | Codice autore SPICS: 14335 |
| Relator term | Autore |
| Name of part/section of a work | Il volto della vita |
| 9 (RLIN) | 6211 |
| 700 ## - ADDED ENTRY--PERSONAL NAME | |
| Personal name | Mogol (Rapetti Giulio) |
| Dates associated with a name | Codice autore testo/musica SPICS: 13643 |
| Relator term | Autore testo/musica |
| Name of part/section of a work | Il volto della vita |
| 9 (RLIN) | 6212 |
| 700 ## - ADDED ENTRY--PERSONAL NAME | |
| Personal name | Gandos Bob |
| Dates associated with a name | Codice autore musica SPICS: 25263 |
| Relator term | Autore musica |
| Name of part/section of a work | Io per lei |
| 9 (RLIN) | 6213 |
| 700 ## - ADDED ENTRY--PERSONAL NAME | |
| Personal name | Crew Bob |
| Dates associated with a name | Codice autore SPICS: 25262 |
| Relator term | Autore |
| Name of part/section of a work | Io per lei |
| 9 (RLIN) | 6214 |
| 700 ## - ADDED ENTRY--PERSONAL NAME | |
| Personal name | Pace Daniele |
| Dates associated with a name | Codice autore testo/musica SPICS: 13856 |
| Relator term | Autore testo/musica |
| Name of part/section of a work | Io per lei - Quanto è bella lei - La rosa nera |
| 9 (RLIN) | 6215 |
| 700 ## - ADDED ENTRY--PERSONAL NAME | |
| Personal name | Pilat |
| Dates associated with a name | Codice autore musica SPICS: 14084 |
| Relator term | Autore musica |
| Name of part/section of a work | Quanto è bella lei - La rosa nera |
| 9 (RLIN) | 6216 |
| 700 ## - ADDED ENTRY--PERSONAL NAME | |
| Personal name | Panzeri Mario |
| Dates associated with a name | Codice autore SPICS: 13372 |
| Relator term | Autore |
| Name of part/section of a work | Quanto è bella lei - La rosa nera |
| 9 (RLIN) | 6217 |
| 700 ## - ADDED ENTRY--PERSONAL NAME | |
| Personal name | Mattone Ugo (Pirro Ugo) |
| Dates associated with a name | Codice autore musica SPICS: 13129 |
| Relator term | Autore musica |
| Name of part/section of a work | Il primo sogno proibito |
| 9 (RLIN) | 6218 |
| 700 ## - ADDED ENTRY--PERSONAL NAME | |
| Personal name | Migliacci Franco |
| Dates associated with a name | Codice autore testo/musica SPICS: 13653 |
| Relator term | Autore testo/musica |
| Name of part/section of a work | Il primo sogno proibito |
| 9 (RLIN) | 6219 |
| 700 ## - ADDED ENTRY--PERSONAL NAME | |
| Personal name | Polito |
| Dates associated with a name | Codice autore musica SPICS: 13987 |
| Relator term | Autore musica |
| Name of part/section of a work | Pietà per chi ti ama - Rose rosse |
| 9 (RLIN) | 6220 |
| 700 ## - ADDED ENTRY--PERSONAL NAME | |
| Personal name | Guardabassi G. |
| Dates associated with a name | Codice autore testo/musica SPICS: 14376 |
| Relator term | Autore testo/musica |
| Name of part/section of a work | Pietà per chi ti ama |
| 9 (RLIN) | 6221 |
| 700 ## - ADDED ENTRY--PERSONAL NAME | |
| Personal name | Pallavicini Vito |
| Dates associated with a name | Codice autore musica SPICS: 13656 |
| Relator term | Autore musica |
| Name of part/section of a work | Azzurro |
| 9 (RLIN) | 6222 |
| 700 ## - ADDED ENTRY--PERSONAL NAME | |
| Personal name | Conte Paolo |
| Dates associated with a name | Codice autore testo/musica SPICS: 7844 |
| Relator term | Autore testo/musica |
| Name of part/section of a work | Azzurro |
| 9 (RLIN) | 6223 |
| 942 ## - ADDED ENTRY ELEMENTS (KOHA) | |
| Koha item type | DISCHI |
| Source of classification or shelving scheme | Dewey Decimal Classification |
| Withdrawn status | Lost status | Damaged status | Not for loan | Home library | Current library | Date acquired | Total Checkouts | Full call number | Date last seen | Price effective from | Koha item type | Public note |
|---|---|---|---|---|---|---|---|---|---|---|---|---|
| Buone Condizioni | Not For Loan | SPICS-MEDIATECA | SPICS-MEDIATECA | 25/10/2013 | 23816 | 25/10/2013 | 25/10/2013 | DISCHI | Progr. Ins.: 4663 / N.Vol.: 1 / Copie: 1 - Copia rara: n.d. / date import: 01.01.2014 - By Epidotti, Trombetti, Vaglietti |